Statistiques concernant Paroles Avant toi

Cliquez ici pour prendre le quiz!

Statistiques générales

  • Ce quiz a été pris 96 fois
  • Le résultat moyen est 130 sur 199

Statistiques - réponses

Answer % Correct
à
100%
avant
97%
toi
97%
Avant
97%
de
96%
un
89%
le
89%
je
86%
Une
83%
une
83%
et
82%
que
82%
te
79%
des
79%
ma
79%
tout
78%
si
75%
mon
74%
se
74%
rien
74%
ces
71%
70%
ou
70%
quoi
70%
c'était
68%
peu
67%
dans
63%
puis
63%
jour
62%
pour
62%
Pour
62%
moi
62%
mes
61%
du
61%
dire
59%
Jamais
59%
jamais
59%
long
58%
chemin
58%
préambule
57%
qui
57%
bascule
57%
vie
55%
C'est
55%
c'est
55%
croix
54%
jours
54%
sous
54%
toujours
53%
corps
51%
sinon
51%
tous
47%
répétition
42%
senti
42%
juste
42%
l'explosion
41%
bien
41%
mort
41%
courber
39%
dos
39%
s'être
39%
souvient
39%
gestes
39%
las
39%
entiers
39%
laisse-moi
39%
mots
38%
fardeau
36%
vide
36%
danse
34%
bras
34%
vis
34%
matin
33%
vers
33%
froid
33%
étreint
32%
léger
29%
commença
29%
trop
29%
peine
29%
désert
28%
quelque
28%
immense
28%
n'avaient
28%
airs
26%
exister
24%
scène
24%
démener
24%
vaste
22%
chose
22%
traîner
21%
pieds
21%
advienne
21%
Désespérer
20%
ployer
20%
chanter
18%

Distribution des résultats

Percentile par nombre de réponses

% des personnes avec chaque résultat

Votre développement - résultats

Vous n’avez pas pris ce quiz